UM Logo

A low-cost laboratory demonstration of the effects of temperature on the metabolism of an aquatic poikilotherm / (Record no. 17987)

MARC details
000 -LEADER
fixed length control field 00728nam a22002057a 4500
003 - CONTROL NUMBER IDENTIFIER
control field OSt
005 - DATE AND TIME OF LATEST TRANSACTION
control field 20230323152957.0
008 - FIXED-LENGTH DATA ELEMENTS--GENERAL INFORMATION
fixed length control field 230323b ||||| |||| 00| 0 eng d
040 ## - CATALOGING SOURCE
Transcribing agency 0
082 ## - DEWEY DECIMAL CLASSIFICATION NUMBER
Classification number DPer 570 J826 2021 v55 no. 1-5
100 ## - MAIN ENTRY--PERSONAL NAME
Personal name Bonachea, Luis A.
Relator term author.
9 (RLIN) 48021
245 ## - TITLE STATEMENT
Title A low-cost laboratory demonstration of the effects of temperature on the metabolism of an aquatic poikilotherm /
Statement of responsibility, etc. Luis A. Bonachea
260 ## - PUBLICATION, DISTRIBUTION, ETC. (IMPRINT)
Place of publication, distribution, etc. United Kingdom,
Name of publisher, distributor, etc. Taylor & Francis Group,
Date of publication, distribution, etc. February 2021.
300 ## - PHYSICAL DESCRIPTION
Extent volume 55, pages 60-65, illustration.
650 ## - SUBJECT ADDED ENTRY--TOPICAL TERM
Topical term or geographic name as entry element Animals.
9 (RLIN) 48022
650 ## - SUBJECT ADDED ENTRY--TOPICAL TERM
Topical term or geographic name as entry element Metabolism.
9 (RLIN) 27275
650 ## - SUBJECT ADDED ENTRY--TOPICAL TERM
Topical term or geographic name as entry element Temperature.
9 (RLIN) 48023
700 ## - ADDED ENTRY--PERSONAL NAME
Personal name Bonachea, Luis A.
Relator term author.
9 (RLIN) 48021
942 ## - ADDED ENTRY ELEMENTS (KOHA)
Source of classification or shelving scheme Dewey Decimal Classification
Koha item type Periodicals
Holdings
Withdrawn status Lost status Source of classification or shelving scheme Damaged status Not for loan Collection code Home library Current library Date acquired Total Checkouts Full call number Date last seen Price effective from Koha item type Public note
    Dewey Decimal Classification     Periodicals UM Digos College - LIC UM Digos College - LIC 03/23/2023   DPer 570 J826 2021 v55 no. 1-5 03/23/2023 03/23/2023 Periodicals Periodical Article